000 00545nam a22001817a 4500
999 _c189247
_d189247
005 20220922123115.0
010 _aB-745667
020 _a9788174467454
_c295
037 _bExcel Books
100 _aSahu, R K
245 _aCompetency Mapping/
_cR K Sahu
260 _aNew Delhi
_bExcel Books
_c2012
270 _aA-45, Naraina Phase I, New Delhi
300 _a301p
_bill
_c24 Cm (pb)
500 _aIndex
942 _2ddc
_cEN
_eFirst Edition
_h658.4012
_mSAH